All-star pups! / adapted by Mary Tillworth ; ... Read More
Available copies
- 1 of 5 copies available at LARL/NWRL Consortium.
Current holds
0 current holds with 5 total copies.
Show Only Available Copies
| Location | Call Number / Copy Notes | Barcode | Shelving Location | Status | Due Date |
|---|---|---|---|---|---|
| Karlstad LINK Site | e TIL (Text) | 35500006776627 | Main | Checked out | 07/08/2026 |
| Roseau Public Library | e TIL (Text) | 35500006474553 | Main | Checked out | 07/15/2026 |
| Roseau Public Library | e TIL (Text) | 35500006919797 | Main | Checked out | 07/22/2026 |
| Roseau Public Library | e TIL (Text) | 35500006922007 | Main | Available | - |
| Thief River Falls Public Library | e TIL (Text) | 35500006808594 | Main | Checked out | 07/20/2026 |
Record details
- ISBN: 1101936851
- ISBN: 9781101936856
- Physical Description: 24 unnumbered pages : color illustrations ; 21 cm.
- Publisher: New York : Golden Press, [2016]
- Copyright: ℗♭2016
Content descriptions
| General Note: | "Nickelodeon PAW Patrol"--Title page. "A Golden Book"--Title page. "Based on the teleplay 'The pups save a basketball game' by Kim Duran"--Title page. |
| Summary, etc.: | "Hoop it up with Nickelodeon's PAW Patrol as they ... Read More |
Search for related items by subject
| Subject: | Basketball stories. Dogs > Juvenile fiction. |
Search for related items by series
| LDR | 01484cam a2200373Ii 4500 | ||
|---|---|---|---|
| 001 | 368451 | ||
| 003 | LARL_NWRL_CONSORTIUM | ||
| 005 | 20210607202503.0 | ||
| 008 | 151105t20162016nyua 000 1 eng d | ||
| 020 | . | ‡a1101936851 ‡q(hardcover) | |
| 020 | . | ‡a9781101936856 ‡q(hardcover) | |
| 035 | . | ‡a(OCoLC)928479557 | |
| 040 | . | ‡aYDXCP ‡beng ‡erda ‡cYDXCP ‡dBTCTA ‡dBDX ‡dOCLCQ ‡dGK6 ‡dOCLCO ‡dOCP ‡dGK8 ‡dIHX ‡dOCLCF ‡dOCLCO ‡dIUI ‡dOCLCO ‡dGZD | |
| 082 | 0 | 4. | ‡a[E] ‡223 |
| 100 | 1 | . | ‡aTillworth, Mary, ‡eadaptor. ‡0(LARL_NWRL_CONSORTIUM)220967 |
| 245 | 1 | 0. | ‡aAll-star pups! / ‡cadapted by Mary Tillworth ; illustrated by Fabrizio Petrossi. |
| 264 | 1. | ‡aNew York : ‡bGolden Press, ‡c[2016] | |
| 264 | 4. | ‡c℗♭2016 | |
| 300 | . | ‡a24 unnumbered pages : ‡bcolor illustrations ; ‡c21 cm. | |
| 336 | . | ‡atext ‡btxt ‡2rdacontent | |
| 336 | . | ‡astill image ‡bsti ‡2rdacontent | |
| 337 | . | ‡aunmediated ‡bn ‡2rdamedia | |
| 338 | . | ‡avolume ‡bnc ‡2rdacarrier | |
| 490 | 0 | . | ‡aPAW patrol |
| 490 | 0 | . | ‡aLittle golden book |
| 500 | . | ‡a"Nickelodeon PAW Patrol"--Title page. | |
| 500 | . | ‡a"A Golden Book"--Title page. | |
| 500 | . | ‡a"Based on the teleplay 'The pups save a basketball game' by Kim Duran"--Title page. | |
| 520 | . | ‡a"Hoop it up with Nickelodeon's PAW Patrol as they take to the court for Adventure Bay's big basketball game."--Publisher. | |
| 650 | 0. | ‡aBasketball stories. ‡0(LARL_NWRL_CONSORTIUM)14717 | |
| 650 | 0. | ‡aDogs ‡vJuvenile fiction. ‡0(LARL_NWRL_CONSORTIUM)164650 | |
| 700 | 1 | . | ‡aPetrossi, Fabrizio, ‡eillustrator. |
| 901 | . | ‡a368451 ‡b ‡c368451 ‡tbiblio | |

Add to basket
Permalink
Disable Highlighting